000 00381nam a22001457a 4500
999 _c4086
_d4086
008 200715b ||||| |||| 00| 0 eng d
082 0 0 _a510.2462
_bG841
100 _91611
_aGrewal, B. S.
245 1 0 _aHigher Engineering Mathematics /
_cby B. S. Grewal
250 _a31st ed.
260 _aDelhi
_bKhanna Publisher
_c1995
300 _a1224 p.
650 0 _aMathematics
942 _cBK